00795cas a22002177ar450000500170000000800410001701000100005801100100006803500100007824501120008826000860020030000070028631000150029336200210030850000560032965000460038578500830043186600220051486600220053686600190055820231010062644.0000607d1963 mx br pernn 0 b1spa d a81438 a82410 a9290500aBoletín Agrícola del Valle Alto del Mezquitalc/por Comité Directivo del Distrito de Riego n. 03-Tula0 aTula, Hidalgo :bComité Directivo del Distrito de Riego n. 03-Tula,c1964-196?. av. aTrimestral1 av.1 n.1-2, 1963. aSe dejó de recibir a partir del v. 3 n.6 de 1965.17aAgriculturaxPublicaciones periódicas210tBoletín del Comité Directivo Agrícola Distrito de Riego 03 Tula, Hidalgo av.1 n.1-12 (1963) av.2 n.2-12 (1964) av.3 1-6 (1965)